Statistics for Born for this by the score (all lyrics)

Click here to take the quiz!

General Stats

  • This quiz has been taken 9 times
  • The average score is 274 of 453

Answer Stats

Answer% Correct
born
100%
i
100%
a
86%
are
86%
for
86%
the
86%
this
86%
we
86%
were
86%
all
71%
be
71%
can
71%
from
71%
is
71%
to
71%
war
71%
warriors
71%
again
57%
an
57%
army
57%
but
57%
different
57%
dont
57%
im
57%
it
57%
just
57%
know
57%
love
57%
my
57%
name
57%
need
57%
pain
57%
pen
57%
places
57%
same
57%
story
57%
was
57%
write
57%
you
57%
battle
43%
believe
43%
cant
43%
checking
43%
chest
43%
chose
43%
come
43%
critics
43%
drawing
43%
feeling
43%
flame
43%
going
43%
have
43%
inside
43%
learn
43%
lines
43%
of
43%
on
43%
rhythm
43%
signs
43%
spark
43%
that
43%
vital
43%
who
43%
and
29%
as
29%
broken
29%
care
29%
cause
29%
ever
29%
fire
29%
force
29%
get
29%
hearts
29%
learned
29%
like
29%
ones
29%
our
29%
physics
29%
stop
29%
they
29%
think
29%
watch
29%
your
29%
done
14%
forget
14%
hope
14%
lose
14%
make
14%
me
14%
mistakes
14%
never
14%
not
14%
rages
14%
tame
14%
till
14%
top
14%
words
14%
youre
14%
alone
0%
choose
0%
deep
0%
doubts
0%
faced
0%
fears
0%
gave
0%
heard
0%
hide
0%
into
0%
ive
0%
moves
0%
someone
0%
struggled
0%
tears
0%
these
0%
through
0%
voice
0%
werw
0%
with
0%
within
0%
wrote
0%
yeah
0%
years
0%

Score Distribution

Percentile by Number Answered

Percent of People with Each Score

Your Score History

You have not taken this quiz